|
|
|
|
| LEADER |
02327nam a22003497a 4500 |
| 001 |
34858 |
| 003 |
BD-DhAAL |
| 005 |
20230208163101.0 |
| 008 |
190722r2017 bg ||||| |||| 00| 1 ben d |
| 020 |
|
|
|a 9847015400033
|
| 020 |
|
|
|a 9847034303708
|
| 040 |
|
|
|a BD-DhAAL
|
| 041 |
|
|
|a ben
|
| 082 |
|
|
|a 891.44371
|2 23
|
| 100 |
|
|
|a এলিয়াদ, মির্চা
|9 33014
|
| 245 |
|
|
|a লা নুই বেঙ্গলী (বাংলার রাত) /
|c মির্চা এলিয়াদ; সম্পাদনা জগন্নাথ চট্রোপাধ্যায়
|
| 246 |
|
|
|a La nuit Bengali
|
| 250 |
|
|
|a প্রথম সংস্করণ
|
| 260 |
|
|
|a ঢাকা ;
|a কলকাতা :
|b জয় প্রকাশন ;
|b শশধর প্রকাশনী ;
|b মাটিগন্ধা,
|c ১৯৮৮[দ্বিতীয় মুদ্রণ] ;
|c ২০১৭ [পঞ্চম মুদ্রণ],
|c ২০২২
|
| 300 |
|
|
|a ১২৭ পৃষ্ঠা,
|a ১৮৩ পৃষ্ঠা ;
|c ২২ সে.মি.
|
| 526 |
|
|
|a Residential Campus
AAL
GenEd (Residential Campus)
|
| 541 |
|
|
|a Development Book Agency
Donated by Akbar Ali Khan
|e 34858, 34997, 40162, 40710
|
| 650 |
|
|
|a Bengali Literature.
|
| 651 |
|
|
|a Bengali
|x Fiction.
|9 33015
|
| 700 |
|
|
|a চট্রোপাধ্যায়, জগন্নাথ
|9 53430
|
| 852 |
|
|
|a Savar Campus Library
|c General Stacks
|
| 942 |
|
|
|2 ddc
|c BK
|
| 999 |
|
|
|c 40939
|d 40939
|
| 952 |
|
|
|0 0
|1 0
|2 ddc
|4 0
|6 891_443710000000000_ALI
|7 0
|9 65705
|a SCL
|b SCL
|c GEN
|d 2019-07-17
|e Development Book Agency
|g 144.00
|l 4
|m 25
|o 891.44371 ALI
|p 3020034858
|r 2025-07-09
|s 2025-06-29
|t 1
|v 144.00
|w 2019-07-17
|y BK
|
| 952 |
|
|
|0 0
|1 0
|2 ddc
|4 0
|6 891_443710000000000_ALI
|7 0
|9 65849
|a BRACUL
|b BRACUL
|c GEN
|d 2019-07-24
|e Development Book Agency
|g 144.00
|l 4
|m 13
|o 891.44371 ALI
|p 3010034997
|r 2022-09-07
|s 2022-09-06
|t 2
|v 144.00
|w 2019-07-24
|y BK
|
| 952 |
|
|
|0 0
|1 0
|2 ddc
|4 0
|6 891_443710000000000_ALI
|7 1
|9 72447
|a BRACUL
|b BRACUL
|c CS1
|d 2022-12-07
|e Donated by Akbar Ali Khan
|g 25.00
|l 0
|o 891.44371 ALI
|p 3010040162
|r 2022-12-07
|t 3
|v 25.00
|w 2022-12-07
|y BK
|x Price available in book.
|
| 952 |
|
|
|0 0
|1 0
|2 ddc
|4 0
|6 891_443710000000000_ALI
|7 0
|9 72878
|a SCL
|b SCL
|c GEN
|d 2023-01-15
|e Development Book Agency
|g 170.00
|l 3
|m 3
|o 891.44371 ALI
|p 3020040710
|r 2024-02-13
|s 2024-02-06
|t 4
|v 170.00
|w 2023-01-15
|y BK
|